000 00291 a2200145 4500
001 154792
040 _cEscola São Tomás de Aquino
240 1 0 _aHistória 5
_lpor
245 1 0 _aHistória 5
300 _a152
362 0 _a2016
440 1 _aÁtica
697 _aHISTÓRIA
942 _cBK
999 _c154792
_d154792